000 00850nam a2200205Ii 4500
003 JO-AjNU
008 230605s9999||||xx |||||||||||||| ||und||
020 _a2-7451-3142-7
040 _aJO-AjNU
_bara
_erda
_cJO-AjNU
041 _aara
050 1 4 _aPJ7541.I27.2009
100 3 _aتصنيف أبي محمد عبدالله بن مسلم بن قتيبة الدينوري، حققه وضبط نصه ووضع حواشية، مفيد قميحة، محمد أمين الضناوي,
_eauthor
_911574
245 0 0 _aالشعر والشعراء، أو، طبقات الشعراء 
264 3 1 _aبيروت،لبنان: دار الكتب العلمية، 2009
300 _a544ص
336 _atext
_btxt
_2rdacontent
337 _aunmediated
_bn
_2rdamedia
338 _avolume
_bnc
_2rdacarrier
650 4 _aالشعراء العرب -- تراجم 
_911575
999 _aA2395
_c5963
_d5963